00809nam a2200157 a 450000100100000000500170001000800410002704000250006811000320009324502150012526000760034030000420041604900090045895201670046799900170063400003278920200930065832.0110726s1942 dr 000 0 spa d aDO-SdBNPbspacBNPHU1 aRepública Dominicana944710aInforme que la honorable cámara de cuentas de la República presenta al Congreso Nacional sobre las cuentas generales y particulares de la Nación y del Consejo Administrativo del Distrito de Santo Domingo. aCiudad Trujillo, República Dominicana :bImp. Listín Diario,c1942. a1v. Con varias paginaciones ;c30 cm. aBNPD 001050718RVaPDbPDcCTd2011-07-26iLF1l0o p32789-10r2020-06-25w2020-06-25y1zPerteneció a la biblioteca personal de Julio Ortega Frier.ZNo se presta c32280d32280